WWII Eastern Front-1942 - Statistics

General Stats
  • This quiz has been taken 14 times
  • The average score is 6 of 10
Answer Stats
Hint Answer % Correct
Site of the deadliest battle in human history Stalingrad
91%
Leader of the Soviets who opposed Germans at Stalingrad Georgy Zhukov
82%
River on which Stalingrad was located Volga
82%
Operation Blue was a German push to oilfields in this region Caucasus
73%
Leader of the Sixth Army for Germany Friedrich Paulus
64%
Other German tank that made its debut in 1942 Tiger I
55%
The main German machine gun at Stalingrad MG34
45%
Backbone of German tank armies during this time Panzer III
45%
Soviet counter-offensive at Stalingrad in November Operation Uranus
36%
Strategic hill in the center of Stalingrad that was fiercely contested Mamayev Kurgan
27%
No matching quizzes found
Score Distribution
Percent of People with Each Score
Percentile by Number Answered
Your Score History
You have not taken this quiz